Transfer of technology

Na minha lista:
Detalhes bibliográficos
Autor principal: Marilyn L. Liebrenz
Formato: Livro
Idioma:Undetermined
Publicado em: New York Praeger Publishers 1982
Tags: Adicionar Tag
Sem tags, seja o primeiro a adicionar uma tag!
Thư viện lưu trữ: Trung tâm Học liệu Trường Đại học Cần Thơ
LEADER 00340nam a2200121Ia 4500
001 CTU_86317
008 210402s9999 xx 000 0 und d
100 |a Marilyn L. Liebrenz 
245 0 |a Transfer of technology 
260 |a New York 
260 |b Praeger Publishers 
260 |c 1982 
980 |a Trung tâm Học liệu Trường Đại học Cần Thơ